000 00723nam a2200181 a 4500
008 070219s2006 ||||||||||||||||| || u
050 _aIBRD(08)PRWP/3964
100 _aErsado, Lire
245 1 0 _aIncome diversification in Zimbabwe
246 _awelfare implications from urban and rural areas
260 _aWashington, D. C.
_bWorld Bank
_c2006
300 _a26p.;ill.
350 _a0.00
490 _aWorld Bank policy research working papers
650 _aRESEARCH COLLABORATION
650 _aINCOME DIVERSIFICATION--RESEARCH--ZIMBABWE
995 _D0.00
_FCBU-MAIN LIBRARY (Kitwe)
_H1
_I0.00
_M1
_UAVAILABLE
_WFeb 19, 2007
_ZInternational Publications
999 _c46586
_d46586